| 000 | 01317nam a2200313 i 4500 | ||
|---|---|---|---|
| 999 |
_c65244 _d65244 |
||
| 001 | 768714001 | ||
| 003 | CO-MdFUSB | ||
| 005 | 20191022092257.0 | ||
| 008 | 190924t2007 sp |||| |||| 00| 0 spa d | ||
| 020 | _a9788481648768 | ||
| 040 |
_aCO-MdFUSB _bspa _cCO-MdFUSB _dCO-MdFUSBC _erda |
||
| 041 | _aspa | ||
| 082 |
_223 _aG 248.22 _bC352e |
||
| 100 |
_aCastillo, José M. _eautor |
||
| 245 |
_aEspiritualidad para insatisfechos. _c/ José M. Castillo. |
||
| 264 | 1 |
_aMadrid, España : _bTrotta, _c[2007] |
|
| 264 | 4 | _c© 2007 | |
| 300 |
_a203 páginas _c; 23 cm |
||
| 336 |
_2rdacontent _atexto _btxt |
||
| 337 |
_2rdamedia _asin mediación _bn |
||
| 338 |
_2rdacarrier _avolumen _bnc |
||
| 490 | _aColección Estructuras y Procesos., Serie Religión. | ||
| 505 | _aLos peligros de la espiritualidad. -- El centro de la espiritualidad cristiana. -- El Dios de la alegría y la alegría de los cristianos. --Felicidad y alegría en la vida cristiana. -- La fe cristiana en una teología de frontera. --Jesús: persona y proyecto. -- El miedo a los pobres. -- Nuevos retos, nuevas esperanzas. -- La utopía de Jesús. -- Globalizar la utopía del reino. -- La utopía secuestrada. | ||
| 563 | _aRústico | ||
| 650 | 0 |
_919 _aVida cristiana |
|
| 650 | 0 |
_951 _aVida espiritual |
|
| 942 | _cBK | ||
| 945 | _aJTF-925 | ||